[Event "Wenzhou m"]
[Site "Wenzhou"]
[Date "2016.07.19"]
[Round "1"]
[White "Ding, Liren"]
[Black "Grischuk, Alexander"]
[Result "0-1"]
[WhiteElo "2778"]
[BlackElo "2747"]
[Annotator "Mekhitarian,K"]
[PlyCount "182"]
[EventDate "2016.07.19"]
[EventType "match"]
[EventRounds "4"]
[EventCountry "CHN"]
[SourceTitle "CBM 174"]
[Source "ChessBase"]
[SourceDate "2016.09.13"]
[SourceVersion "1"]
[SourceVersionDate "2016.09.13"]
[SourceQuality "1"]

1. d4 Nf6 2. c4 g6 3. f3 c5 4. d5 d6 5. e4 Bg7 6. Ne2 e6 7. Nbc3 (7. Nec3 $5 {
is the recent fashion; White places his e2-knight on c3, because sometimes
it's not easy to find a good square for it.} exd5 (7... Nh5 $5 8. Qe2 (8. Be3 {
was the natural response}) 8... Be5 9. Be3 f5 10. exf5 exf5 {again with very
sharp play:} 11. f4 Bg7 12. Bf2+ Kf7 13. Qd2 Nf6 (13... Qb6 $5 {with ideas
like ...Nxf4, Black takes advantage of the exposed white king.} 14. g3 Re8+ 15.
Be2 Nf6 $1 $36) 14. h3 a6 15. a4 a5 16. Be2 Na6 17. O-O Bd7 $14 {with a calm
position after all; White had the better chances in the middlegame: 1/2-1/2 
(49) Harikrishna,P (2763)-Vachier Lagrave,M (2788) Stavanger 2016}) 8. cxd5 Nh5
9. Be3 (9. g4 $5 {is always interesting -} Qh4+ 10. Kd2 Nf4 11. Qe1 (11. Kc2 $5
) 11... Qf6 12. Kc2 g5 13. h4 h6 $13 {with a very sharp position: 1/2-1/2 (52)
Grischuk,A (2810)-Nepomniachtchi,I (2714) Beijing 2014}) 9... f5 10. exf5 gxf5
11. Qd2 (11. Bb5+ $6 Nd7 12. g4 $2 {Now it's definitely the wrong time for
this, White's king becomes highly vulnerable:} fxg4 13. fxg4 Qh4+ 14. Kd2 Nhf6
15. Qe1 Qxe1+ 16. Rxe1 O-O 17. h3 a6 18. Be2 b5 $17 {0-1 (35) Lodici,L (2347)
-Vovk,Y (2626) Padova 2015}) 11... O-O 12. Be2 $13 {would be a standard way to
play the position}) 7... exd5 8. cxd5 O-O 9. Ng3 a6 10. a4 Ne8 $5 {A rare move,
Black wants to be ready to play f5 soon. 10...h5 and 10...Nbd7 are the main
moves here.} (10... h5 11. Be2 {The knight g3 goes to f1 and then e3, if Black
plays ...h4.} Qe8 12. Bf4 Qe7 13. Bg5 Qe8 14. Qd2 Nbd7 15. Bh6 Qe5 16. Bxg7
Kxg7 17. Bd3 (17. Nf1 $1 {quickly improving the knight to e3 and c4 would
guarantee White a comfortable advantage -} Qe7 18. Ne3 $14) 17... Rb8 18. Rd1
Re8 19. Be2 h4 20. Nf1 h3 21. g4 b5 $13 {with complicated play: 1-0 (49) So,W 
(2778)-Nepomniachtchi,I (2720) Dortmund 2015}) 11. Be2 h5 12. Be3 (12. O-O $6
Bd4+ $1 {and White has to give up the exchange with Rf2 -} 13. Kh1 $2 h4 $19)
12... h4 13. Nf1 f5 $6 (13... Nd7 {was more flexible, keeping all
possibilities without committing himself with f5 yet.} 14. Qd2 h3 $5 {An
interesting move, now Black can consider f6 if White plays Bg5 (no hanging
pawn on h4 anymore).} 15. g4 Rb8 16. Bg5 f6 17. Be3 b5 18. axb5 axb5 19. Nxb5
f5 $1 $132) 14. exf5 gxf5 15. Qd2 Nd7 16. Bg5 Bf6 17. Bxf6 Qxf6 18. f4 $14 (18.
Ne3 $5 {I prefer this, keeping the option to open up the kingside:} Ng7 (18...
f4 $2 19. Ne4 Qg7 20. Nc4 $16) 19. g3 Re8 (19... Rb8 20. Ng2 $5 h3 21. Nf4 $16)
20. O-O-O b5 $5 (20... Ne5 21. g4 $1 f4 22. Ne4 Qf8 23. Ng2 Ng6 24. h3 $16 {
followed by Bd3 and Rhe1. It is nice to notice Black's passive bishop on c8
and knight on g7}) 21. axb5 axb5 22. Bxb5 $16 {looks reasonably safe for White.
He maintains positional pluses and is a pawn up.}) 18... Ng7 19. Ne3 Re8 20.
Rf1 (20. g3 $5 {preparing O-O-O.}) 20... Rb8 21. Rf3 {White simply goes for
the pawn on h4.} Qg6 $5 {Sacrificing a pawn for activity, hard to say if it is
correct or not, at the end Black had a bad position, but he missed good
chances to keep the initiative.} (21... Qh6 {keeps an eye on f4.} 22. Kf2 Nf6
23. Kg1 Bd7 {Preparing b5.} 24. a5 Re7 {followed by Rbe8, Black seems to have
a good game.}) 22. Rh3 Nf6 23. Rxh4 Bd7 24. Kf2 b5 (24... Ne4+ $5 25. Nxe4 Rxe4
{Threatening the devastating Rbe8.} 26. Bf3 Qf6 $1 {Not only attacking the
h4-rook, but also intending to play ...Rb4 now.} 27. Bxe4 Qxh4+ 28. g3 Qxh2+
29. Bg2 Qh6 {and Black stays in the game, after a move like ...Qf6:} 30. Rh1
Qf6 31. b4 cxb4 32. Qxb4 b5 $13) 25. axb5 axb5 26. Kg1 Re7 $2 (26... b4 27.
Ncd1 Ne4 28. Qe1 Ra8 $1 {Trying to exploit the a-file since White's other rook
is totally far off the queenside, on h4.} 29. Rxa8 Rxa8 30. Rh3 Qf6 31. Qh4
Qxh4 32. Rxh4 Ra1 $132) 27. Rh3 $1 Ng4 (27... b4 28. Ncd1 Ne4 29. Qe1 $16 {
Preparing Qh4, and now with the rook on e7, Black can not fight for the a-file.
}) 28. Ra7 $1 b4 29. Ncd1 Rbe8 30. Rf3 Nh5 31. Rxd7 (31. Bd3 $1 {- Rxd7 is a
serious threat now} Nxe3 (31... Bc8 32. Rxe7 Rxe7 33. Nxg4 Qxg4 34. Ne3 Qh4 35.
g3 $16 {and White maintains his material advantage.}) 32. Nxe3 Qf6 33. Bf1 $16)
31... Rxd7 32. Bb5 Rde7 33. Bxe8 Rxe8 34. h3 $6 Ngf6 35. Nf2 Ng3 36. Qd1 (36.
Rxg3 $5 Qxg3 37. Nxf5 Qg6 $1 38. Nxd6 Qb1+ 39. Kh2 Re1 40. Nb7 Qc1 41. Qxc1
Rxc1 42. Nd3 Rc2 43. Nbxc5 Nxd5 $13 {I guess both sides would be hoping for a
draw here!}) 36... Kh8 37. Kh2 Rg8 38. b3 (38. Nh1 $5 {Eliminating the strong
g3-knight was a good defensive resource.}) 38... Nge4 39. Qe1 Nxd5 $1 40. g4
Nxe3 41. Rxe3 d5 42. Nd3 $6 (42. Nxe4 {would guarantee material equality in
this extremely unusual endgame, and apparently White could force a draw,
something definitely better than what happened in the game:} fxe4 43. Qh4+ Kg7
44. Qe7+ Qf7 45. Qg5+ Kh7 46. Qh4+ Kg7 47. Qg5+ Kh7 $11) 42... fxg4 43. hxg4
Qxg4 44. Rh3+ Kg7 {White is forced to play Rh4 now, and defend a pawn down.}
45. Rh4 Qxh4+ 46. Qxh4 Rh8 47. Qxh8+ Kxh8 $15 {After some middlegame madness,
we have arrived at an endgame in which Black is a pawn up, but White has good
counterplay with his passer on f4.} 48. Kh3 Kg7 49. Kg4 Kf6 50. f5 Ke7 51. Kh5
Kf7 52. Kg4 Nf6+ 53. Kg5 Nd7 54. f6 $1 Ke6 {The only try.} (54... Nxf6 55. Nxc5
$11) 55. Kg6 c4 56. bxc4 dxc4 57. Nxb4 Nxf6 58. Kg5 Nd5 59. Nc6 $2 {The losing
move. It is very hard to blame Ding Liren because the drawing move is
extremely hard to find for a human, mostly because it doesn't make sense at
first sight.} (59. Na2 $1 {The logical explanation I could find to justify
this is that the knight on a2 can not be bothered easily. For example:} Ke5 60.
Kg4 Ke4 61. Kg3 Ke3 62. Kg2 Kd2 63. Kf3 Kd3 (63... Nc3 64. Nb4) 64. Nc1+ $1 (
64. Kf2 $2 Kc2 $19 {is winning now. Whenever Black plays ...Kc2, White has to
be ready for Ke4! counterattacking the black knight}) 64... Kc2 65. Ne2 Kd2 66.
Nd4 Kd3 67. Nb5 $11) 59... c3 $19 {Another thing is that here the pawn,
already on c3, can create more direct threats than if it were still on c4.} 60.
Kg4 Kd6 61. Na5 Kc5 (61... Nb4 {was the shortest path. But it is important to
say that Grischuk doesn't allow White at any moment to obtain a drawn position,
and goes on to win the game.} 62. Kf3 c2 63. Nb3 Kd5 64. Ke2 Kc4 65. Nc1 Kc3
66. Ke3 Kb2 67. Ne2 Na2 68. Kd4 Nc3 $19) 62. Kf3 Kb5 63. Nb3 Kc4 64. Nc1 c2 65.
Ke4 Nb4 66. Ne2 Nc6 67. Ke3 Kb3 68. Nc1+ Kc3 69. Ne2+ Kb2 70. Kd3 Nb4+ 71. Kd4
Na2 72. Nf4 Kb1 73. Ne2 Nc1 74. Nc3+ Ka1 75. Kc4 Na2 76. Ne2 Kb2 77. Kd4 Nc1 (
77... Nc3 $1 78. Nf4 Kb1 79. Nd3 Na4 $1 $19 {followed by ...Nb2.}) 78. Nf4 Nb3+
79. Kd5 Kc3 80. Ke4 Nc5+ (80... Kd2 $1 81. Nd3 Ke2 82. Nf4+ Kd1 83. Nd3 Kd2 {
and c1=Q next.}) 81. Kf3 Kd2 82. Ne2 Ne6 83. Kf2 Kd3 84. Nc1+ Kc3 85. Ke3 Kb2
86. Ne2 Nc7 87. Ke4 Nb5 88. Nf4 (88. Kd3 Nc3 $1 {winning.}) 88... Ka1 89. Nd3
Kb1 90. Ke3 Nc3 91. Kd2 Ne4+ {White resigns, because Black will play ...Nc5,
followed by c1=Q.} 0-1

[Event "Metz op 31th"]
[Site "Metz"]
[Date "2013.04.25"]
[Round "9"]
[White "Maiorov, Nikita"]
[Black "Sanikidze, Tornike"]
[Result "1-0"]
[WhiteElo "2535"]
[BlackElo "2559"]
[Annotator "Metz Alekhine/Primel,D"]
[PlyCount "119"]
[EventDate "2013.04.20"]
[EventType "swiss"]
[EventRounds "9"]
[EventCountry "FRA"]
[SourceTitle "EXT 2016"]
[Source "ChessBase"]
[SourceDate "2015.10.08"]
[SourceVersion "1"]
[SourceVersionDate "2015.10.08"]
[SourceQuality "1"]
[TimeControl "40/5400:1800+30"]
[WhiteClock "1:30:00"]
[BlackClock "1:30:00"]

1. d4 Nf6 2. c4 c5 3. d5 e6 4. Nc3 exd5 5. cxd5 d6 6. e4 a6 7. a4 g6 8. Nge2 $5
{[%cal Ge2g3] Une ligne secondaire mais assez agressive pour une partie à
enjeu car les deux adversaires jouaient pour les premiers prix dans cette
dernière ronde.} (8. Bd3) (8. h3) 8... Bg7 9. Ng3 O-O {h5 parait moins risqué
} (9... h5 $142 {[%cal Gh5h4]} 10. Be2 Qe7 {Dreev,A (2688)-Minasian,A (2557)
Moscow Aeroflot op-A 2009 (6) 0-1} (10... O-O)) 10. Be2 Nbd7 (10... h5 {
[%cal Gh5h4] Un peu curieux après le oo} 11. Bg5 Qc7 {Maiorov,N (2552)
-Marholev,D (2383) Cappelle op 28th 2012 (7) 1-0} (11... Qb6)) 11. O-O {
91 Les blancs ont joué à tempo l'ouverture} Re8 (11... Rb8 {[%cal Gb7b5]} 12.
f3 Ne8 $5 {[%cal Ge8c7,Gb7b5]} 13. Be3 Nc7 $132 {Yevseev,D (2580)-Khalifman,A 
(2702) RUS-chT Togliatti 2003 (4) 0-1}) 12. f3 h5 13. Bg5 $1 $14 Qb6 (13... Qa5
14. Qd2 Nh7 15. Bh6 Bd4+ 16. Be3 h4 $132 {Magerramov,E (2440)-Veingold,A (2430)
Tashkent 1983 0-1}) 14. Qd2 {80 Joué toujours aussi rapidement mais la
préparation des Blancs s'arrête au coup suivant.} Qb4 {[%cal Gb4d4,Gd4g1]}
15. a5 $5 $146 {[%csl Rb4][%cal Ga1a4] 54} (15. Kh1 Nh7 16. Bh4 {Rustemov,A 
(2550)-Isupov,V (2375) RUS-chT Orel 1997 1-0}) (15. Rfd1 Nh7 16. Bf4 Qd4+)
15... Nh7 $1 {[%cal Gb4d4,Gg7d4,Gh7g5] Un coup multifonction qui pare la
menace de gain de la Q par Ra4} 16. Be3 b5 17. axb6 Nxb6 $132 {[%cal Gb6c4]} (
17... h4 $5 18. Nb5 $1 {[%csl Ra8,Re8][%cal Gb5c7]} Qxd2 19. Bxd2 Rd8 20. Nh1
Nxb6) 18. Qc2 Rb8 19. Rfb1 $1 {[%cal Ga1a4,Gb2b4] Préparant la poussée b4
qui devrait donner l'initiative aux Blancs} Nc4 20. Bxc4 Qxc4 21. Nf1 Qb4 22.
Nd2 g5 {Comme souvent dans une Benoni, les Noirs doivent jouer de manière
active mais l'aile-roi est trés affaiblie.} (22... f5 $5 {Egalement trés
risqué mais probablement davantage dans l'esprit de la position.}) 23. Ra4 $1
Qb7 24. b4 $36 cxb4 25. Na2 $1 (25. Raxb4 $143 Qxb4 $1 26. Rxb4 Rxb4) 25... Bd7
$1 26. Raxb4 Bb5 $132 {La paire de B des Noirs est trés active} 27. Nb3 $1 {
[%cal Gb3d4,Gd4b5,Gd4c6]} f5 $1 {[%csl Rd5][%cal Ge8e3]} 28. Nd4 fxe4 29. fxe4
Rbc8 30. Nc3 {29 Comme souvent, le bielorusse évite d'être en zeitnot} Qf7 (
30... Qc7 $5 {[%csl Rc3] Semblait plus logique} 31. Rc1 Qc5 {[%cal Gc5b4,Gc8c7,
Ge8c8]}) 31. Qd2 Nf6 32. Ndxb5 axb5 33. Nxb5 Rcd8 34. Bxg5 {Espérant clouer
le N...} Rxe4 $1 35. Rf1 Rxb4 36. Qxb4 Rb8 37. Bxf6 Bxf6 38. Qc4 Qe7 39. Qd3
Be5 $2 $138 (39... Bg7 $142) 40. Qg6+ Bg7 41. Nxd6 $40 {[%cal Gf1f7]} Rb6 42.
Qe8+ Qxe8 43. Nxe8 Bd4+ 44. Kh1 {Les compensations des Noirs sont
insuffisantes car après la poussée g2g3, le K Blanc peut monter assez
facilement alors que le K Noir est coupé.} Be5 (44... Rb8 45. Nd6 Rd8 46. Rd1
Rxd6 47. Rxd4 Kf7 {[%csl Rh1][%cal Gf7f6,Gf6e5]} 48. g3 Kf6 49. Kg2 Ke5 50. Rh4
Rh6 51. g4) 45. g3 h4 46. gxh4 $8 (46. g4 $2 h3 $1 {[%csl Rh1,Rh2][%cal Gb6b2,
Gb2h2]}) 46... Rb4 47. Rf5 Rb1+ 48. Kg2 Rb2+ 49. Kf3 Bxh2 50. d6 $18 {[%csl
Gf5,Rg8]} Bg1 51. d7 Bb6 52. h5 Bd8 53. Ke4 Rd2 54. Rd5 Re2+ 55. Kf5 Re7 56.
Rd6 Rf7+ 57. Kg6 Rf1 58. Nf6+ Bxf6 59. Rxf6 Rd1 {(=) Il n'y a que la feuille
du géorgien qui mentionne la proposition de nulle} 60. Re6 {[%csl Gg6,Rg8]} (
60. Re6 Rg1+ 61. Kf6 Rf1+ 62. Ke7 {[%cal Gd7d8]}) 1-0

[Event "Clarin GP final"]
[Site "Villa Gesell"]
[Date "1998.03.14"]
[Round "8"]
[White "Garcia Palermo, Carlos H"]
[Black "Hoffman, Alejandro"]
[Result "0-1"]
[WhiteElo "2475"]
[BlackElo "2510"]
[Annotator "Meulders,R"]
[PlyCount "64"]
[EventDate "1998.03.07"]
[EventType "tourn"]
[EventRounds "11"]
[EventCountry "ARG"]
[EventCategory "10"]
[SourceTitle "CBM 064"]
[Source "ChessBase"]
[SourceDate "1998.06.02"]
[SourceVersion "1"]
[SourceVersionDate "1998.06.02"]
[SourceQuality "1"]

1. d4 g6 2. c4 Bg7 3. e4 c5 4. d5 d6 5. Nc3 Nf6 6. f3 O-O 7. Bg5 e6 8. Qd2 exd5
9. cxd5 h6 (9... Re8 {ist normal.}) 10. Bxh6 {Obwohl auch starke Spieler ab
und zu diesen Zug wählen, wird hier meistens der alte Spruch geehrt: "Die
Drohung ist stärker als die Ausführung", weil Schwarz für den momentanen
Verlust des Bauers d6 genügend Gegenspiel bekommt. Die Alternative 10.Be3 für
zu inhaltsreicherem Spiel.} (10. Bf4 $5 h5 11. Bd3 a6 12. a4 Nh7 13. Nge2 g5
14. Be3 Nd7 15. Ng3 h4 16. Nf5 Ne5 17. Nxg7 Kxg7 18. O-O Bd7 19. Be2 Qe7 20. f4
gxf4 21. Bxf4 Kh8 22. Kh1 Ng6 23. Bh5 h3 24. gxh3 Bxh3 25. Rg1 Qf6 26. Bh6 $36
{Lautier,J-Polgar,J/Monaco bl/1995/}) 10... Nxe4 11. Nxe4 Qh4+ 12. g3 Qxh6 13.
Qxh6 Bxh6 14. Nxd6 Nd7 (14... Rd8 15. Nxc8 Rxc8 16. f4 Nd7 17. O-O-O Rd8 18.
Nh3 c4 19. Bg2 Nc5 20. Kc2 Bg7 21. f5 Nd3 22. fxg6 fxg6 23. Rxd3 cxd3+ 24. Kxd3
Rd6 $11 {0-1 Gual,A-Markowski,T/Lloyds Bank op 1994/EXP 43 (36)}) (14... Na6 $2
15. Bxa6 bxa6 16. Ne2 Bh3 17. Kf2 Rad8 18. Ne4 f5 19. N4c3 g5 20. Rhd1 Rfe8 21.
Rd2 $16 {1-0 Yrjola,J-Maki,V/FIN-chT 1995/EXT 97 (40)}) 15. Bh3 (15. f4 Nb6 (
15... Nf6 16. O-O-O Bg4 (16... Rd8 $146 17. Nxc8 Raxc8 18. Bg2 (18. d6 Ne4 $36)
18... Ng4 19. Bh3 (19. Rd2 c4 20. Ne2 Nf2 21. Rf1 Nd3+ $44) (19. Nh3 $6 Ne3 20.
Rd2 c4 $5 $36) 19... Nf2 $1 20. Bxc8 Nxd1 21. Kxd1 $8 (21. Bxb7 $4 Nf2) 21...
Rxc8 $32 {Line CBM 55-6.Bg5 c5 6.d5/ Survey 1996/CBM 55/[Stohl] Black
exchanges his strong B and takes back the pawn with equality.} (21... Rxc8 $32
{Black exchanges his strong B and takes back the pawn with equality.} 22. Ne2
Rd8 23. Nc3 Bg7 $10 24. Kc2 Bxc3 25. bxc3 (25. Kxc3 Rxd5 $10) 25... Rxd5 26. a4
g5 27. Rd1 $5 (27. fxg5 Rxg5 28. Rd1 c4 29. Rd4 Rc5 $10) 27... Rxd1 28. Kxd1 {
An interesting pawn endgame, in which Black draws by careful defence.  [#]
Hecht: Teilblockierte Mehrheiten, entfernter Freibauer, Opposition} g4 $1 (
28... gxf4 $2 29. gxf4 b6 30. Ke2 a6 31. c4 $18) 29. Ke2 a6 (29... b6 {Hecht}
30. Kd3 a6 31. Kc4 $18) 30. Kd3 (30. a5 $2 Kf8 31. Kd3 Ke7 32. Ke4 Kd6 33. Kf5
b5 $1 34. axb6 a5 35. Ke4 $8 Kc6 36. Kd3 Kxb6 37. Kc2 Kb5 38. Kb3 a4+ $19)
30... b5 $1 $8 (30... Kf8 $2 31. Kc4 b6 32. Kd5 $18) 31. axb5 axb5 32. Ke4 Kf8
33. Kd5 b4 $8 34. cxb4 cxb4 35. Kc4 Ke7 36. Kxb4 Kd6 37. Kc4 f6 $1 38. Kd4 $8
f5 $10 39. Ke3 Ke7 40. Kf2 Kf6 41. Kf1 Kf7 42. Kg2 Kg6 43. h4 gxh3+ 44. Kxh3
Kh5 45. g4+ fxg4+ 46. Kg3 Kg6 47. Kxg4 Kf6 {1/2-1/2 Piket,J-Van Wely,L/Donner
mem 1996/CBM 55/[Stohl]})) 17. Be2 b6 18. Bxg4 Nxg4 19. Nh3 Rad8 20. Ne4 Bg7
21. Nc3 Bd4 22. Rhe1 Nxh2 23. Re7 Ng4 24. Rxa7 Ne3 25. Rh1 Bxc3 26. bxc3 Nxd5
27. Kb2 Rde8 28. Rh2 Re3 29. Rd2 Nxc3 30. Ra3 Ne4 31. Rxe3 Nxd2 32. Kc3 Nf1 33.
Rf3 Nh2 34. Rd3 Re8 35. Ng5 Ng4 36. Rd7 f6 37. Nf7 Re3+ 38. Kc4 Rxg3 39. Nd8
Rf3 40. Ne6 Rxf4+ 41. Kd5 Ne3+ 42. Kc6 Re4 43. Rg7+ Kh8 44. Re7 Re5 45. Kd7 Nd5
46. Rf7 g5 47. Kd6 g4 48. Ra7 g3 49. Ra4 Kh7 50. Rg4 Ne3 51. Nf8+ Kh6 {0-1
Kutirov,R-Smirin,I/Struga zt 1995/EXP 49}) 16. O-O-O Rd8 17. Nxc8 Raxc8 18. Bh3
f5 19. Ne2 (19. Nf3 Nxd5 20. Rhe1 Bg7 21. Bf1 Nb6 22. Rxd8+ Rxd8 23. Re6 c4 24.
Rxg6 Rd5 {1-0 Berg,K-Onoprienko,V/Groningen op 1994/EXP 45}) 19... Bg7 (19...
Rxd5 20. Rxd5 Nxd5 21. Bg2 Nb4 22. a3 Nc6 $11) 20. g4 Rxd5 21. gxf5 gxf5 22.
Bg2 $6 (22. Rxd5 Nxd5 23. Bxf5 Re8 24. Bd3 Kf8 $1 (24... Re3 $2 25. Bc4 Kf8 26.
Kd2 $18) 25. Rg1 {Wegen des Mehrbauers und trotz die ungleichfarbige Laüfer
steht Weiß leicht besser.}) 22... Rxd1+ 23. Rxd1 Re8 24. Ng3 Bd4 25. Bxb7 Be3+
26. Kc2 Bxf4 27. Bc6 Re5 28. Rd3 Kf8 $11 {1/2-1/2 Dreev,A-Gelfand,B/Tilburg
1993/CBM 39 (42)}) 15... Nb6 16. Bxc8 (16. Nxc8 Nxc8 17. f4 Re8+ 18. Kf2 Bg7
19. Nf3 Nd6 20. Rab1 Rad8 21. Rhd1 Nc4 22. b4 Bf8 23. Rbc1 b5 24. Ne5 Nxe5 25.
fxe5 c4 26. e6 Bxb4 27. Kf3 Bd6 28. Ke4 Kg7 29. Rf1 f5+ $17 {0-1 Rotstein,
A-Vidarte Morales,A/Olot op 1994/EXT 94op (44)}) 16... Nxc8 17. Ne4 Nb6 (17...
Bg7 18. Ne2 Nb6 {1/2-1/2 Kelecevic,N-Summermatter,D/SWZ-chT 1994/EXT 94ch}) 18.
Rd1 f5 19. Nxc5 Rfe8+ 20. Ne2 Rad8 21. f4 Nxd5 22. Nxb7 Rd7 23. Rf1 $6 (23. Nc5
Rde7 24. Rd2 Bxf4 25. gxf4 Nxf4 26. Kf2 Rxe2+ 27. Rxe2 Rxe2+ 28. Kf3 $11) 23...
Bf8 $1 24. a3 Bxa3 $1 {Diesen Zug muß Weiß übersehen haben: der schwarze N
greift enscheidend ein auf c3.} 25. bxa3 Nc3 $17 26. Rd2 (26. Rxd7 $4 Rxe2#)
26... Rxb7 27. Rc2 (27. Kf2 Ne4+ $19) 27... Ne4 $1 28. Kd1 Rd8+ 29. Kc1 Rdb8 $1
30. Kd1 Rb3 31. Rc6 Rd3+ 32. Ke1 Re3 (32... Re3 33. Kd1 Rb2 34. Ng1 Rd2+ 35.
Kc1 Rxa3 $19) 0-1

[Event "ROM-ch"]
[Site "Bucharest"]
[Date "1998.12.22"]
[Round "14"]
[White "Ionescu, Constantin"]
[Black "Florean, Andrei"]
[Result "1-0"]
[WhiteElo "2515"]
[BlackElo "2450"]
[Annotator "Meulders,R"]
[PlyCount "149"]
[EventDate "1998.12.08"]
[EventType "tourn"]
[EventRounds "15"]
[EventCountry "ROU"]
[EventCategory "9"]
[SourceTitle "CBM 069"]
[Source "ChessBase"]
[SourceDate "1999.04.01"]
[SourceVersion "1"]
[SourceVersionDate "1999.04.01"]
[SourceQuality "1"]

1. d4 {Hecht} Nf6 2. c4 c5 3. d5 d6 4. Nc3 g6 5. e4 Bg7 6. f3 O-O 7. Bg5 e6 8.
Qd2 exd5 9. cxd5 h6 10. Be3 a6 11. a4 Re8 12. Be2 ({Viel seltener gespielt als
das übliche} 12. Nge2) 12... Nh7 13. Bd1 Nd7 14. Nge2 Ne5 15. b3 Bd7 $6 ({
Der aktivste und beste Zug hier erscheint mir} 15... Qh4+ $1 {z.B.} 16. Ng3 Bd7
17. O-O b5 18. Rc1 c4 19. axb5 axb5 20. Nce2 Rec8 21. Nd4 b4 22. Qxb4 Nd3 23.
Qxd6 Nxc1 24. Qxd7 Bxd4 25. Bxd4 cxb3 26. Qd6 Ra2 27. Qe5 Qf6 28. Qxf6 Nxf6 29.
Bxf6 b2 30. Bxb2 {1/2-1/2 Ionescu,C-Kotronias,V/Moscow 1994/CBM 44 ext (30)})
16. O-O h5 17. a5 f5 18. Bc2 Qf6 19. Ra2 Re7 20. h3 {Ein wichtiger Zug in
dieser Variante: dem Ne5 soll erst das Feld g4 genommen werden, ehe er mit f4
zurückgeworfen wird.} Rae8 21. f4 Nf7 22. e5 {Die weisse Attacke läuft wie von
selbst.} dxe5 23. Bxc5 Nd6 24. fxe5 Rxe5 25. Bd3 Nf7 (25... g5 $5 26. Ng3 (26.
Bd4 Rxe2 27. Nxe2 Rxe2 28. Bxf6 Rxd2 29. Rxd2 Bxf6 $11) 26... Qg6 27. Nxh5 Bf8
28. Ng3 Nc4 29. Qf2 Ne3 30. Bxe3 Rxe3 31. Rd2 Bc5 $44) 26. Nf4 $14 Bh6 27. Qf2
h4 (27... Bxf4 28. Qxf4 Re1 29. Bd4 Qd6 30. Qxd6 Nxd6 31. Rxe1 Rxe1+ 32. Kf2
$16 {_|_^^}) 28. Re2 Rxe2 29. Ncxe2 Ne5 30. Bb1 Bb5 31. Rd1 {Der d-Freibauer
und die aktive Springer sichern Weiss die besseren Chancen.} Ng5 32. Nd4 Bd7
33. Nde6 $6 {So erobert Weiss das Läuferpaar, aber das kostet den wichtigen
Bauern d5.} (33. b4 $5 Nc4 34. Nde6 $1 Nxe6 35. dxe6 Bxe6 36. Nxe6 Rxe6 37. Ba2
Re4 38. Re1 Qe6 39. Rxe4 Qxe4 40. Qf1 Be3+ 41. Kh1 $18) 33... Nxe6 34. dxe6
Bxe6 35. Nxe6 Rxe6 36. b4 Re8 37. Ba2+ Kh7 38. Qe2 Bg7 $2 {Zu passiv.} (38...
Bf8 $1 39. Bd5 Bxc5+ 40. bxc5 Re7 $1 $17) 39. Bd5 f4 40. Bxb7 Qg5 41. Kh1 Qg3
42. Qe1 $6 (42. Qxa6 $1 f3 43. Qf1 Bf8 44. Bf2 Qxg2+ 45. Qxg2 fxg2+ 46. Kxg2
Bxb4 47. a6 $18) 42... Rd8 43. Bf2 Qg5 44. Rxd8 Qxd8 45. Bxa6 f3 46. gxf3 Qa8
47. Bf1 Qxf3+ 48. Bg2 Qf4 49. Be3 {Weiss ist sehr vorsichtig und will keine
einzige taktische Chance zulassen.} (49. Bxh4 $1 Nf3 50. Bg3 $18) 49... Qc4 50.
Bg5 Nd3 51. Qxh4+ Qxh4 52. Bxh4 Nxb4 {Hecht: '[#] Schwarz wird sich rasch von
seinem Springer verabschieden müssen. Danach entsteht für Weiß ein schwieriges
Problem.'} 53. Bf2 Bf8 54. Bb7 g5 55. a6 Nxa6 56. Bxa6 {Der Streit ist
gestritten; Weiss muss nur aufpassen dass er nicht in eine Remisstellung mit
dem falschfarbigen weissfeldrigen Laüfer und h-Bauer reinfällt.} Bd6 57. Kg2
Kg6 58. Bd3+ Kh5 59. Bf5 Bf4 60. Kf3 Kh6 61. Kg4 Bc1 62. Bc5 Kg7 63. Kh5 {
Hecht: '[#] Allmählich vertreibt Weiß den schwarzen König aus der Remisecke h8,
postiert den hellen Läufer auf vorsorglich auf der Diagonalen a2-g8 und
schlägt dann den Bg5, wenn sichergestellt ist, daß der schwarze König nicht
mehr zurück nach h8 kann. '} Bd2 (63... Bb2 {Hecht} 64. Kxg5 Bc1+ 65. Kh5 Bb2
66. Be3 Bc3 67. Kg5 Bb2 68. h4 Bf6+ 69. Kg4 Bc3 70. h5 Bb2 71. Bg6 Ba1 72. Kf5
Bc3 73. h6+ Kh8 74. Bc5 Bb2 75. Bf8 Bc3 76. Ke6 Bb2 77. Kf7 Bc3 78. Bg7+ $18)
64. Bd4+ Kf7 65. Bg4 Bc1 66. Kh6 Bd2 67. Kh7 Bb4 68. Bh5+ Kf8 69. Bf6 Bd2 70.
Kg6 Be3 71. Bd1 $1 Bd2 72. Bb3 Be3 73. Bg7+ Ke7 74. Bh6 Bd2 75. Bxg5+ $1 {
Jetzt kann der schwarze K Feld h8 nicht mehr erreichen, also darf Weiss
endlich auf g5 nehmen.  Hecht: 'Ein kleiner Verweis auf die Endspiele No. 13
und 14 in dieser Datenbank sei gestattet. Short bzw. Gershon hätten gerne so
gewonnen...'} (75. Bxg5+ Bxg5 76. Kxg5 Kf8 77. Kf6 $18) 1-0